Normal view MARC view

Entry Topical Term

Number of records used in: 1

001 - CONTROL NUMBER

  • control field: 46743

003 - CONTROL NUMBER IDENTIFIER

  • control field: OSt

005 - DATE AND TIME OF LATEST TRANSACTION

  • control field: 20240726104827.0

008 - FIXED-LENGTH DATA ELEMENTS

  • fixed length control field: 240726|| aca||aabn | a|a d

040 ## - CATALOGING SOURCE

  • Original cataloging agency: OSt
  • Transcribing agency: OSt

150 ## - HEADING--TOPICAL TERM

  • Topical term or geographic name entry element: Leadership - Moral and ethical aspects

670 ## - SOURCE DATA FOUND

  • Source citation: Work cat.: (OSt): Covey, Stephen M. R. 46742, Smart trust: creating prosperity, energy, and joy in a low- trust world, 2012

Powered by Koha